Les pays qui ont le plus visité l'Islande - Statistiques

Statistiques générales
  • Ce quiz a été pris 268 fois
  • Le résultat moyen est 8 sur 10
Statistiques - réponses
No.visiteurs en 2017 Pays % Correct
100,374 France
100%
576,403 États-Unis
98%
155,183 Allemagne
93%
322,543 Royaume-Uni
93%
56,229 Suède
90%
103,026 Canada
89%
57,971 Espagne
86%
53,240 Danemark
81%
86,003 Chine
75%
66,299 Pologne
45%
Aucun quiz correspondant
Distribution des résultats
% des personnes avec chaque résultat
Percentile par nombre de réponses
Votre historique - résultats
Vous n’avez pas pris ce quiz